Statistics for All Lyrics to Gilligan's Island

Click here to take the quiz!

General Stats

  • This quiz has been taken 88 times
  • The average score is 81 of 113

Answer Stats

Lyrics% Correct
a
94%
and
94%
of
94%
a
91%
a
91%
ship
91%
right
89%
sit
89%
tale
89%
The
89%
The
87%
a
85%
and
85%
hear
85%
Just
85%
ship
85%
skipper
85%
tale
85%
tiny
85%
back
83%
of
83%
that
83%
the
83%
the
83%
The
83%
The
83%
the
83%
you'll
83%
A
81%
a
81%
sail
81%
set
81%
started
81%
The
81%
this
81%
trip
81%
was
81%
be
79%
fateful
79%
tiny
79%
crew
77%
hour
77%
hour
77%
lost
77%
Minnow
77%
that
77%
The
77%
this
77%
three
77%
three
77%
tossed
77%
was
77%
would
77%
aboard
74%
brave
74%
day
74%
for
74%
on
74%
be
72%
If
72%
lost
72%
not
72%
started
72%
tropic
72%
courage
70%
getting
70%
man
70%
mate
70%
mighty
70%
Minnow
70%
rough
70%
tour
70%
tour
70%
would
70%
the
68%
the
68%
the
68%
and
66%
and
66%
Five
66%
passengers
66%
port
66%
star
66%
sure
66%
the
66%
weather
66%
fearless
64%
from
64%
of
64%
skipper
64%
on
62%
the
62%
here
60%
on
60%
professor
60%
sailing
60%
Gilligan
57%
his
57%
isle
57%
Mary Ann
57%
millionaire
57%
movie
57%
Gilligan's
55%
isle
55%
this
55%
wife
55%
too
53%
desert
47%
with
47%
shore
43%
uncharted
34%
ship's
28%
aground
19%

Score Distribution

Percentile by Number Answered

Percent of People with Each Score

Your Score History

You have not taken this quiz